Лабораторные работы по английскому языку для технических вузов: радиотехнического и энергетического профиля

書誌詳細
第一著者: Новицкая Т. М. Татьяна Михайловна
その他の著者: Макеева В. М. Вера Михайловна
言語:ロシア語
英語
出版事項: Москва, Высшая школа, 1983
版:2-е изд., испр. и доп.
主題:
フォーマット: 図書
KOHA link:https://koha.lib.tpu.ru/cgi-bin/koha/opac-detail.pl?biblionumber=21536

MARC

LEADER 00000nam0a2200000 4500
001 21536
005 20231101205433.0
035 |a (RuTPU)RU\TPU\book\21740 
035 |a BOOK00006433 
090 |a 21536 
100 |a 20011209d1983 m y0rusy50 ca 
101 0 |a rus  |a eng 
102 |a RU 
105 |a y j 000zy 
200 1 |a Лабораторные работы по английскому языку для технических вузов  |e радиотехнического и энергетического профиля  |f Т. М. Новицкая, В. М. Макеева 
205 |a 2-е изд., испр. и доп. 
210 |a Москва  |c Высшая школа  |d 1983 
215 |a 112 с. 
606 1 |a Английский язык  |x Учебные руководства и пособия  |x Учебные руководства и пособия для высшей школы  |2 stltpush  |3 (RuTPU)RU\TPU\subj\29071  |9 52483 
610 1 |a практические работы 
610 1 |a радиотехника 
610 1 |a лексика 
610 1 |a энергетика 
610 1 |a грамматика 
686 |a Ш143.21-923  |v LBC/SL-A  |2 rubbk 
700 1 |a Новицкая  |b Т. М.  |g Татьяна Михайловна 
701 1 |a Макеева  |b В. М.  |g Вера Михайловна 
801 0 |a RU  |b 63413507  |c 20011209  |g PSBO 
801 2 |a RU  |b 63413507  |c 20140303  |g PSBO 
942 |c BK